| Tag |
First Indicator |
Second Indicator |
Subfields |
| LEADER |
00000cam a2200000 a 4500 |
| 001 |
in00000020551 |
| 005 |
20220103115015.0 |
| 007 |
cr unu a |
| 008 |
880714s1987 xx a b 00010 eng d |
| 035 |
|
|
|9 AAB3475AM
|
| 035 |
|
|
|a (OCoLC)18213552
|
| 040 |
|
|
|a TXA
|c TXA
|d UtOrBLW
|
| 043 |
|
|
|a f-ke---
|
| 049 |
|
|
|a TXAZ [Also in] [Archives]
|c 1 [A10944627], 2 [A10944677]
|
| 099 |
|
|
|a 1987
|a Thesis
|a A287
|
| 100 |
1 |
|
|a Ahuya, Camillus Osundo,
|d 1954-
|
| 245 |
1 |
0 |
|a Estimation of direct additive, maternal additive, heterotic and maternal heterotic effects from crossbreeding goats in Kenya /
|c by Camillus Osundo Ahuya.
|
| 264 |
|
1 |
|a [Place of publication not identified] :
|b [publisher not identified] ;
|c 1987.
|
| 300 |
|
|
|a x, 60 leaves :
|b illustrations ;
|c 29 cm.
|
| 336 |
|
|
|a text
|b txt
|2 rdacontent
|
| 337 |
|
|
|a computer
|b c
|2 rdamedia
|
| 338 |
|
|
|a online resource
|b cr
|2 rdacarrier
|
| 500 |
|
|
|a "Major subject: Animal Breeding."
|
| 500 |
|
|
|a Typescript (photocopy).
|
| 500 |
|
|
|a Vita.
|
| 502 |
|
|
|b M.S.
|c Texas A&M University
|d 1987.
|
| 504 |
|
|
|a Bibliography: leaves 54-59.
|
| 530 |
|
|
|a Also available online.
|
| 650 |
|
0 |
|a Goats
|x Breeding
|z Kenya.
|
| 650 |
|
4 |
|a Major animal breeding.
|
| 856 |
4 |
1 |
|u https://hdl.handle.net/1969.1/ETD-TAMU-1987-THESIS-A287
|z Link to OAKTrust copy
|t 0
|
| 999 |
|
|
|a MARS
|
| 999 |
f |
f |
|s a7286f89-bc27-3109-a80d-0856488cf78f
|i 159f9320-7d5d-38dd-a1cf-4950ef1af8bc
|t 0
|
| 952 |
f |
f |
|p noncirc
|a Texas A&M University
|b J.J. Pickle Campus
|c High Density Repository
|s HDR
|d Remote Storage
|t 0
|e 1987 Thesis A287
|h Other scheme
|i computer -- online resource
|m A14839625517
|
| 952 |
f |
f |
|a Texas A&M University
|b College Station
|c Electronic Resources
|s www_evans
|d Available Online
|t 0
|e 1987 Thesis A287
|h Other scheme
|
| 998 |
f |
f |
|a 1987 Thesis A287
|t 0
|l Available Online
|
| 998 |
f |
f |
|a 1987 Thesis A287
|t 0
|l Remote Storage
|